|
|
|
|
| LEADER |
00000cam a2200000 a 4500 |
| 001 |
1/109429 |
| 008 |
151204s2011####gr | ||| |||||||gre|| |
| 020 |
|
|
|a 9789609539975
|
| 040 |
|
|
|a GR-MyUa
|b gre
|c GR-MyUa
|e AACR2
|
| 041 |
1 |
|
|a gre
|h eng
|
| 082 |
7 |
|
|a 153
|2 (23)
|
| 100 |
1 |
|
|a Sternberg, Robert J.
|
| 245 |
1 |
0 |
|a Γνωστική ψυχολογία /
|c Robert, Sternberg J. ; επιμέλεια Γ. Ξανθάκου, Μ. Καϊλα ; μετάφραση Ιωάννα Βραχωρίτου.
|
| 260 |
|
|
|a Ζεφύρι Αττικής :
|b Διάδραση,
|c c2011.
|
| 300 |
|
|
|a xxvii, .831 σ. :
|b εικ., σχέδια :
|c 24 εκ.
|
| 504 |
|
|
|a Βιβλιογραφία: σ. [734]-798. Ευρετήρια.
|
| 650 |
|
0 |
|a Psycholinguistics.
|
| 650 |
|
0 |
|a Cognitive psychology.
|
| 700 |
1 |
|
|a Βραχωρίτου, Ιωάννα,
|e trlf
|
| 700 |
1 |
|
|a Ξανθάκου, Γιώτα Π.
|e edtf
|
| 700 |
1 |
|
|a Καΐλα, Μαρία Α.
|e edtf
|
| 765 |
0 |
8 |
|i Μετάφραση του:
|t Cognitive psychology /
|
| 852 |
|
|
|a INST
|b LESVOS
|c EUDOXUS
|e 20160330
|h 153 STE
|p 005100057655
|q 005100057655
|t EDX
|y 0
|
| 852 |
|
|
|a INST
|b RHODES
|c EUDOXUS
|e 20151204
|h 153 STE
|p 005400038115
|q 005400038115
|t EDX
|y 0
|
| 852 |
|
|
|a INST
|b RHODES
|c EUDOXUS
|e 20160118
|h 153 STE
|p 005400038192
|q 005400038192
|t EDX
|y 4
|x 20220527
|
| 852 |
|
|
|a INST
|b RHODES
|c EUDOXUS
|e 20160208
|h 153 STE
|p 005400038221
|q 005400038221
|t EDX
|y 0
|
| 852 |
|
|
|a INST
|b RHODES
|c EUDOXUS
|e 20210112
|h 153 STE
|p 005400041799
|q 005400041799
|t EDX
|y 0
|
| 852 |
|
|
|a INST
|b SAMOS
|e 20160704
|h 153 STE
|p 005300043671
|q 005300043671
|t BK
|y 0
|
| 920 |
|
|
|a Εύδοξος
|b Επιστροφή
|y Ρόδος
|z 2015-12
|
| 920 |
|
|
|a Εύδοξος
|b Επιστροφή
|y Ρόδος
|z 2016-02
|
| 920 |
|
|
|a Εύδοξος
|b Επιστροφή
|y Λέσβος
|z 2016-03
|
| 920 |
|
|
|a Εύδοξος
|b Παραγγελία
|y Ρόδος-ΤΕΠΑΕΣ
|z 2021-01
|
| 920 |
|
|
|a Εύδοξος
|b Παραγγελία
|y Ρόδος-ΤΕΠΑΕΣ
|z 2016-01
|
| 970 |
|
|
|z 04-12-2015
|